[Event "2nd S Wales Int"]
[Site "Caerleon WLS"]
[Date "2005.07.13"]
[Round "7"]
[White "Mikhalevski,V"]
[Black "Dobrov,V"]
[Result "0-1"]
[WhiteElo "2572"]
[BlackElo "2535"]

1.d4 d5 2.c4 c6 3.Nf3 Nf6 4.Nc3 e6 5.e3 Nbd7 6.Qc2 Bd6 7.g4 b5 8.g5 Nh5 9.cxd5 exd5
10.Ne2 Bb7 11.Ng3 Nxg3 12.hxg3 g6 13.a4 bxa4 14.Rxa4 O-O 15.Ba6 Bxa6 16.Rxa6 Nb8
17.Ra4 f6 18.gxf6 Qxf6 19.Ne5 Bxe5 20.dxe5 Qxe5 21.Rah4 Rf7 22.b3 Nd7 23.Bb2 Qf5
24.Qxf5 gxf5 25.Kd2 Nc5 26.Kc2 Re8 27.Rh6 Rc7 28.Rf6 Ne4 29.Rxf5 Rf8 30.Rxf8+ Kxf8
31.Rh2 Rf7 32.f4 Nxg3 33.Kd3 Rb7 34.Kc2 Nf5 35.Ba3+ Kg8 36.Bc5 Rb5 37.Bxa7 Ra5
38.Rh5 Ng7 39.Bb6 Rb5 40.Rh6 Rxb6 41.Rf6 Ne8  0-1

[Event "16th Open"]
[Site "Ljubljana SLO"]
[Date "2005.07.13"]
[Round "7"]
[White "Ivanisevic,I"]
[Black "Lazar,Ales ML"]
[Result "1-0"]
[WhiteElo "2577"]
[BlackElo "2284"]

1.d4 d5 2.c4 c6 3.Nf3 Nf6 4.Nc3 e6 5.e3 Nbd7 6.Qc2 Bd6 7.g4 Bb4 8.Bd2 Qe7
9.Rg1 Bxc3 10.Bxc3 Ne4 11.O-O-O Nxc3 12.Qxc3 dxc4 13.Bxc4 b6 14.g5 Bb7 15.h4 O-O-O
16.e4 Kb8 17.h5 b5 18.Bb3 c5 19.d5 exd5 20.Bxd5 g6 21.Qe3 Nb6 22.Qf4+ Qc7
23.Qxc7+ Kxc7 24.Bxb7 Kxb7 25.Ne5 Rxd1+ 26.Rxd1 Kc7 27.h6 Re8 28.Nxf7 a6
29.f4 Rf8 30.Nd6 Rxf4 31.Ne8+ Kc6 32.Nf6 Nc4 33.Nxh7 Ne5 34.Rd8 Rxe4 35.Nf6 Re1+
36.Kd2 Nf7 37.h7 Rh1 38.Rf8  1-0

[Event "ch-Paris Open"]
[Site "Paris FRA"]
[Date "2005.07.13"]
[Round "5"]
[White "Gozzoli,Y"]
[Black "Malakhatko,V"]
[Result "1/2-1/2"]
[WhiteElo "2444"]
[BlackElo "2556"]

1.d4 d5 2.c4 c6 3.Nc3 Nf6 4.e3 e6 5.Nf3 a6 6.b3 Bb4 7.Bd2 Nbd7 8.Bd3 O-O
9.O-O Bd6 10.c5 Bb8 11.Qc2 e5 12.dxe5 Nxe5 13.Nxe5 Bxe5 14.f4  1/2-1/2

[Event "ch-IRL"]
[Site "Dublin IRL"]
[Date "2005.07.14"]
[Round "6"]
[White "Short,P"]
[Black "Daly,C"]
[Result "0-1"]
[WhiteElo "2300"]
[BlackElo "2343"]

1.d4 Nf6 2.Nf3 e6 3.c4 d5 4.Nc3 c6 5.e3 Nbd7 6.Bd3 dxc4 7.Bxc4 b5 8.Bd3 Bb7
9.a4 b4 10.Nb1 c5 11.O-O Be7 12.Nbd2 O-O 13.Qe2 Qc7 14.e4 cxd4 15.Nxd4 Nc5
16.Bb1 Rfd8 17.N2f3 e5 18.Nb5 Qb8 19.Be3 a6 20.Bxc5 Bxc5 21.Qc4  0-1

[Event "16th Open"]
[Site "Ljubljana SLO"]
[Date "2005.07.14"]
[Round "8"]
[White "Kukovec,B"]
[Black "Ivanisevic,I"]
[Result "0-1"]
[WhiteElo "2198"]
[BlackElo "2577"]

1.Nf3 d5 2.d4 Nf6 3.c4 e6 4.Nc3 c6 5.e3 Nbd7 6.Qc2 Bd6 7.Be2 O-O 8.O-O dxc4
9.Bxc4 b5 10.Be2 Bb7 11.b3 a6 12.Bb2 c5 13.dxc5 Nxc5 14.b4 Nce4 15.Qb3 Qe7
16.a3 Nxc3 17.Bxc3 Ne4 18.Bd4 e5 19.Bb2 Kh8 20.Rad1 f5 21.Nd2 Ng5 22.f3 Rf6
23.Nb1 Rg6 24.Kh1 Rh6 25.g3 f4 26.gxf4 exf4 27.e4 Nxe4 28.fxe4 Rxh2+  0-1

[Event "2nd Sanjin Hotel Cup"]
[Site "Tiayuan CHN"]
[Date "2005.07.15"]
[Round "7"]
[White "Zhao Xue"]
[Black "Karjakin,Sergey"]
[Result "0-1"]
[WhiteElo "2470"]
[BlackElo "2645"]

1.d4 d5 2.c4 c6 3.Nc3 Nf6 4.Nf3 e6 5.e3 Nbd7 6.Qc2 Bd6 7.b3 O-O 8.Be2 b6
9.O-O Bb7 10.Bb2 Qe7 11.Rad1 Rad8 12.Rfe1 Rfe8 13.Bd3 c5 14.cxd5 exd5 15.Bf5 Nf8
16.Ne2 Ne4 17.dxc5 bxc5 18.Ng3 Ng5 19.Bg4 Bxg3 20.hxg3 Ne4 21.Nd2 Nxd2 22.Qxd2 Qg5
23.Bf3 Ne6 24.Qa5 Rd7 25.Ba3 Qd8 26.Qxd8 Rexd8 27.Bg4 Rc7 28.Rc1 Rdc8 29.Bb2 g6
30.Be5 Rc6 31.Red1 Rd8 32.Bf6 Rd7 33.Be2 Nc7 34.Bg4 Ne6 35.Rc2 h5 36.Be2 Rc8
37.g4 hxg4 38.Bxg4 Kf8 39.Bf3 Ke8 40.Rcd2 c4 41.bxc4 Rxc4 42.Rb2 Rdc7 43.Be5 Rd7
44.Rdb1 Ba6 45.Bf6 Rc6 46.Bd1 Nc5 47.Rb8+ Bc8 48.Bg4 Ne6 49.Bd1 Nc5 50.Rc1 Rb7
51.Rxb7 Bxb7 52.Bd4 Nd7 53.Rxc6 Bxc6 54.Bxa7 Ne5 55.Bd4 Nc4 56.g4 Kd7 57.Kg2 Ke6
58.Kg3 Nd6 59.Kf4 Ne4 60.f3 g5+  0-1

[Event "ACT Open"]
[Site "Amsterdam NED"]
[Date "2005.07.16"]
[Round "1"]
[White "Monteban,M"]
[Black "Megaranto,S"]
[Result "0-1"]
[WhiteElo "2260"]
[BlackElo "2499"]

1.d4 d5 2.c4 c6 3.Nc3 Nf6 4.e3 e6 5.Nf3 Nbd7 6.Qc2 Bd6 7.Be2 O-O 8.O-O dxc4
9.Bxc4 Qe7 10.a3 e5 11.h3 a5 12.Ba2 b5 13.dxe5 Nxe5 14.Nd4 b4 15.Nce2 c5
16.Nf5 Bxf5 17.Qxf5 g6 18.Qg5 a4 19.axb4 cxb4 20.Nd4 Ra5 21.Qh4 Rc8 22.Rd1 Rac5
23.e4 Ned7 24.Bg5 b3 25.Bb1 Rc4 26.Nf3 a3 27.Bd3 axb2 28.Rab1 Rb4 29.Rxb2 Qe6
30.Bb1 Bc5 31.Rbd2 Nxe4 32.Rxd7 Bxf2+ 33.Qxf2 Nxf2 34.Kxf2 Re8 35.Rd8 Qe4
36.Kg1 Rxd8 37.Rxd8+ Kg7 38.Rd6 Rb8 39.Bf6+ Kg8 40.Rd2 Qe3+ 41.Kf1 Qb6 42.Bd4 Qa5
43.Bb2 Rd8 44.Rxd8+ Qxd8 45.Ke2 Qe7+ 46.Kf2 Qd6 47.Ke2 Qe6+ 48.Kf2 h6 49.Bd3 Kf8
50.Bc1 g5 51.Be3 Qd5 52.Bb1 f5 53.g4 f4 54.Bd4 b2 55.Ke2 Qc4+ 56.Kf2 Qc1
57.Be4 b1=Q 58.Bxb1 Qxb1 59.Kg2 Qc2+ 60.Bf2 Ke7 61.Nd4 Qe4+ 62.Kh2 Kd7 63.Kg1 Qd3
64.Kh2 Kd6 65.Kg2 Kd5 66.Nf5 Ke4  0-1

[Event "ACT Open"]
[Site "Amsterdam NED"]
[Date "2005.07.16"]
[Round "1"]
[White "Vazquez,R"]
[Black "Slingerland,F"]
[Result "1-0"]
[WhiteElo "2496"]
[BlackElo "2259"]

1.d4 d5 2.Nf3 Nf6 3.c4 c6 4.e3 e6 5.Nc3 Nbd7 6.Qc2 Bd6 7.b3 O-O 8.Be2 e5
9.cxd5 Nxd5 10.Nxd5 cxd5 11.dxe5 Nxe5 12.Bb2 Nxf3+ 13.Bxf3 Bb4+ 14.Kf1 Be6
15.Qd3 Be7 16.Ke2 Bf6 17.Bd4 Bxd4 18.Qxd4 Rc8 19.Rhc1 Qa5 20.a4 Qa6+ 21.Kd2 Rc6
22.Be2 Qb6 23.Rxc6 Qxd4+ 24.exd4 bxc6 25.Rc1 Rc8 26.Bd3 Kf8 27.Rc5 Ke7 28.Ra5 Rc7
29.f4 g6 30.b4 Bd7 31.h3 h5 32.Ke3 Rb7 33.b5 cxb5 34.axb5 Rc7 35.Kd2 h4 36.Be2 Bf5
37.Bf3 Be4 38.Bxe4 dxe4 39.Ke3 f5 40.d5 Rc2 41.Kd4 Rxg2 42.Ke5 e3 43.Rxa7+ Kd8
44.Kd6 Kc8 45.Re7 Rb2 46.Rxe3 Rxb5 47.Kc6  1-0

[Event "ACT Open"]
[Site "Amsterdam NED"]
[Date "2005.07.16"]
[Round "1"]
[White "Al Sayed,Mohamad"]
[Black "Van Eekhout,D"]
[Result "1-0"]
[WhiteElo "2478"]
[BlackElo "2240"]

1.d4 d5 2.c4 e6 3.Nc3 c6 4.Nf3 Nf6 5.e3 Nbd7 6.Qc2 Bd6 7.g4 h6 8.Rg1 Qe7
9.h4 Bb4 10.Bd2 Bxc3 11.Bxc3 Ne4 12.O-O-O Qf6 13.Be2 b6 14.Be1 Bb7 15.g5 hxg5
16.Nxg5 Nd6 17.f4 Nf5 18.Qc3 g6 19.Nf3 Ba6 20.Qa3 Bb7 21.Qc3 O-O-O 22.cxd5 exd5
23.Ne5 Kb8 24.Bg4 Nxe5 25.fxe5 Qe7 26.Bxf5 gxf5 27.Rg5 Qe6 28.Qd3 Bc8 29.Bf2 Rdg8
30.Rdg1 Rg6 31.Qe2 Rgh6 32.Qf3 Rg6 33.Qf4 Kb7 34.Rxg6 fxg6 35.Qg5 Rf8 36.Qxg6 Qxg6
37.Rxg6 f4 38.Rf6 Rg8 39.exf4 Rg2 40.Be3 Rh2 41.f5 Rxh4 42.Rf7+ Ka6 43.Kd2 Re4
44.f6 c5 45.Re7 cxd4 46.Bh6 Bf5 47.f7  1-0

[Event "Politiken Cup"]
[Site "Copenhagen DEN"]
[Date "2005.07.17"]
[Round "2"]
[White "Joensson,K"]
[Black "Vul,A"]
[Result "1/2-1/2"]
[WhiteElo "2124"]
[BlackElo "2425"]

1.d4 d5 2.c4 e6 3.Nc3 c6 4.e3 Nf6 5.Nf3 Nbd7 6.Bd3 dxc4 7.Bxc4 b5 8.Be2 a6
9.e4 b4 10.e5 bxc3 11.exf6 Bb4 12.O-O Nxf6 13.Qa4 cxb2 14.Bxb2 a5 15.Ne5 O-O
16.Rac1 Ba6 17.Bc4 Nd5 18.Bxa6 Rxa6 19.Rxc6 Rxc6 20.Qxc6 Qb6 21.Rc1 Qxc6
22.Rxc6 f6 23.Nd3 Kf7 24.g3 Rb8 25.Kg2 a4 26.Ra6 Bc3 27.Ba3 Bxd4 28.Rxa4 e5
29.Bc5 Bxc5 30.Nxc5 g5 31.h4 Rc8 32.Ne4 Rc2 33.hxg5 f5 34.Ra7+ Nc7 35.Nd6+ Kg6
36.Ra5 Rc6 37.Nb7 e4 38.Rc5 Rxc5 39.Nxc5 Kxg5 40.a4 Kg4 41.a5 h5 42.a6 Nb5
43.Ne6 Na7 44.Nd4 f4 45.gxf4 Kxf4 46.Ne2+ Kg4 47.Ng3 h4 48.Nxe4 h3+ 49.Kh2 Kf3
50.Nc3 Kxf2 51.Kxh3  1/2-1/2

[Event "Open"]
[Site "Ghent BEL"]
[Date "2005.07.18"]
[Round "6"]
[White "Van der Stricht,G"]
[Black "Kuipers,E"]
[Result "1/2-1/2"]
[WhiteElo "2400"]
[BlackElo "2270"]

1.d4 d5 2.c4 c6 3.Nf3 Nf6 4.Nc3 e6 5.e3 Nbd7 6.Qc2 Bd6 7.Bd3 O-O 8.O-O Qe7
9.h3 dxc4 10.Bxc4 e5 11.Bb3 c5 12.Re1 a6 13.a3 b5 14.Nd5 Nxd5 15.Bxd5 Rb8
16.dxc5 Nxc5 17.e4 Be6 18.Be3 Rbc8 19.Rad1 h6 20.Re2 Rfd8 21.Red2 Nd7 22.Qb1 Bxd5
23.Rxd5 Nf6 24.R5d2 Rc4 25.b3 Rcc8 26.Nh4 Bxa3 27.Nf5 Qf8 28.Rxd8 Rxd8 29.Rxd8 Qxd8
30.Qa1 Bf8 31.Qxa6 Qd1+ 32.Kh2 Qxb3 33.Nxh6+ gxh6 34.Qxf6 Qe6 35.Qd8 Kg7
36.Qb8 b4 37.Qb5 Bd6 38.Bc5 Qe7 39.Be3 Qe6 40.Bc5 Qd7  1/2-1/2

[Event "WYb18"]
[Site "Belfort FRA"]
[Date "2005.07.19"]
[Round "1"]
[White "Camus de Solliers,G"]
[Black "Vitiugov,N"]
[Result "1/2-1/2"]
[WhiteElo "2237"]
[BlackElo "2519"]

1.d4 d5 2.c4 e6 3.Nc3 c6 4.e3 Nf6 5.Nf3 Nbd7 6.Qc2 Bd6 7.b3 O-O 8.Bd3 e5
9.dxe5 Nxe5 10.Nxe5 Bxe5 11.Bb2 dxc4 12.Bxc4 Re8 13.h3 Bc7 14.Bd3 Qe7 15.O-O-O Be6
16.g4 h6 17.Rhg1 Nd7 18.Kb1 Nc5 19.Ba3 Bd6 20.Bf5 Ne4 21.Bb2 Nxc3+ 22.Bxc3 Rad8
23.g5 hxg5 24.Bxe6 Qxe6 25.Rxg5 f6 26.Qg6 Bf8 27.Rxd8 Rxd8 28.Qxf6 Qxf6 29.Bxf6 Rd2
30.Rg2 b5 31.Bc3 Re2 32.h4 Kh7 33.h5  1/2-1/2

[Event "MTO Open"]
[Site "Biel SUI"]
[Date "2005.07.19"]
[Round "2"]
[White "Ermeni,A"]
[Black "Kobalia,M"]
[Result "0-1"]
[WhiteElo "2301"]
[BlackElo "2614"]

1.d4 d5 2.c4 e6 3.Nc3 c6 4.e3 Nf6 5.Nf3 a6 6.Bd3 dxc4 7.Bxc4 b5 8.Bd3 c5
9.O-O Bb7 10.Qe2 Nbd7 11.Rd1 Qb8 12.e4 cxd4 13.Nxd4 Bd6 14.h3 O-O 15.Nb3 b4
16.Nb1 a5 17.N1d2 Ne5 18.Bb5 Rd8 19.Nd4 Bc7 20.N4f3 Nxe4 21.a4 Nxd2 22.Nxd2 Bd5
23.Nf1 Qb7 24.Ne3 Bb3 25.Re1 Qe4 26.Bd2 Nd3 27.Nf1 Qg6 28.Bc6 Nxe1 29.Bxa8 Rxa8
30.Rxe1 Qf5 31.Rc1 Qe5 32.Be3 Bd6 33.Qd2 h6 34.Bd4 Qg5 35.Be3 Qd5 36.Qe2 Bxa4
37.Qg4 Qf5 38.Qd4 Be5 39.Qb6 Bxb2 40.Rc5 Qd3 41.Rxa5 Rxa5 42.Qxa5 Bb5  0-1

[Event "Politiken Cup"]
[Site "Copenhagen DEN"]
[Date "2005.07.19"]
[Round "5"]
[White "Hoi,C"]
[Black "Romsdal,T"]
[Result "0-1"]
[WhiteElo "2404"]
[BlackElo "2204"]

1.d4 d5 2.Nf3 Nf6 3.c4 e6 4.Nc3 c6 5.e3 Nbd7 6.Bd3 dxc4 7.Bxc4 b5 8.Bd3 Bb7
9.e4 b4 10.Na4 Qa5 11.O-O c5 12.e5 Nd5 13.a3 cxd4 14.Nxd4 bxa3 15.bxa3 Nc7
16.Re1 Nxe5 17.Bd2 Qd5 18.Be4 Qxd4 19.Bxb7 Rd8 20.Bc3 Qc4 21.Qe2 Nd3 22.Ba5 Qxa4
23.Bxc7 Rd7 24.Rec1 Nxc1 25.Rxc1 Bc5  0-1

[Event "Aegean Open"]
[Site "Kirykos GRE"]
[Date "2005.07.19"]
[Round "8"]
[White "Obodchuk,A"]
[Black "Exizoglou,D"]
[Result "1-0"]
[WhiteElo "2438"]
[BlackElo "2189"]

1.d4 d5 2.c4 c6 3.Nf3 Nf6 4.Nc3 e6 5.e3 Nbd7 6.Qc2 Bd6 7.Bd3 O-O 8.O-O dxc4
9.Bxc4 e5 10.h3 Qe7 11.a3 a5 12.Bd2 Kh8 13.Ba2 g6 14.e4 exd4 15.Nxd4 Qe5
16.Nf3 Qh5 17.Bg5 Kg8 18.Qd2 Bc7 19.Bc4 h6 20.Bf4 Ne5 21.Nxe5 Bxe5 22.Bxe5 Qxe5
23.Qxh6 Be6 24.Bxe6 Qxe6 25.Rae1 Qe5 26.f4 Qd4+ 27.Kh2 Nh5 28.e5 Rae8 29.Ne4  1-0

[Event "MTO Open"]
[Site "Biel SUI"]
[Date "2005.07.20"]
[Round "3"]
[White "Bocharov,D"]
[Black "Stock,L"]
[Result "1/2-1/2"]
[WhiteElo "2574"]
[BlackElo "2164"]

1.d4 d5 2.c4 e6 3.Nf3 Nf6 4.Nc3 c6 5.e3 Nbd7 6.Bd3 dxc4 7.Bxc4 b5 8.Be2 Bb7
9.O-O Be7 10.a3 a5 11.Bd2 O-O 12.Qc2 b4 13.axb4 axb4 14.Na4 c5 15.dxc5 Nxc5
16.Bxb4 Be4 17.Qd1 Nxa4 18.Bxe7 Qxe7 19.Rxa4 Qb7 20.Rxa8 Rxa8 21.Qd4 Rb8
22.Rd1 h6 23.Rd2 Bd5 24.h3 Rc8 25.b4 Ne4 26.Rd3 Bc4 27.Qxc4 Rxc4 28.Rd8+ Kh7
29.Bxc4 Qxb4 30.Bd3 f5 31.Rd4 Qb2 32.Bxe4 fxe4 33.Nd2 e5 34.Rd5 Kg6 35.g3 Kf7
36.Kg2 Qa2 37.Rd6 Ke7 38.Nxe4 Qc2 39.Kf3 Qb1 40.Rg6 Qh1+ 41.Ke2 Qxe4 42.Rxg7+ Kf6
43.Rg4 Qc2+ 44.Kf1 h5 45.Rh4 Qd1+ 46.Kg2 Qd5+ 47.Kg1 Qf3 48.Rb4 e4 49.Rb6+ Ke5
50.Rb5+ Kf6 51.h4 Qd1+  1/2-1/2

[Event "Open A"]
[Site "Chojnice POL"]
[Date "2005.07.20"]
[Round "7"]
[White "Romanowski,F"]
[Black "Jacek,K"]
[Result "1/2-1/2"]
[WhiteElo "2007"]
[BlackElo "1835"]

1.d4 d5 2.c4 c6 3.Nc3 e6 4.e3 Nf6 5.Nf3 Nbd7 6.Bd3 dxc4 7.Bxc4 b5 8.Bd3 Be7
9.e4 a6 10.O-O O-O 11.Re1 Bb7 12.Bf4 c5 13.d5 b4 14.d6 bxc3 15.dxe7 Qxe7
16.bxc3 h6 17.Bc2 e5 18.Bg3 Nh5 19.Nh4 Nxg3 20.hxg3 Rad8 21.Nf5 Qf6 22.f3 Bc6
23.a4 c4 24.Qe2 Qe6 25.Qf2 Nf6 26.Red1 Kh7 27.Qb6 Bxe4 28.Qxe6 fxe6 29.fxe4 exf5
30.exf5 Kh8 31.Rxd8 Rxd8 32.Rd1 Rxd1+ 33.Bxd1 Nd5 34.Be2 Nxc3 35.Bxc4 Nxa4
36.Bxa6 Kg8 37.Bc4+ Kf8 38.Kf2  1/2-1/2

[Event "Aegean Open"]
[Site "Kirykos GRE"]
[Date "2005.07.20"]
[Round "9"]
[White "Turov,M"]
[Black "Obodchuk,A"]
[Result "1-0"]
[WhiteElo "2527"]
[BlackElo "2438"]

1.d4 d5 2.c4 e6 3.Nc3 c6 4.Nf3 Nf6 5.e3 Nbd7 6.Qc2 Bd6 7.g4 Bb4 8.Bd2 Qe7
9.Rg1 b6 10.cxd5 cxd5 11.Bd3 a6 12.g5 Nh5 13.Ne5 Nxe5 14.dxe5 g6 15.a3 Bxc3
16.Qxc3 Qc5 17.Rc1 Qxc3 18.Bxc3 Kd7 19.Bd4 Rb8 20.Kd2 Ng7 21.Rc3 h6 22.h4 hxg5
23.hxg5 Rh2 24.Ke2 Ne8 25.a4 Nc7 26.Rgc1 Na8 27.Rc6 Rh8 28.b4 Rd8 29.a5 Bb7
30.Rd6+ Ke7 31.Bxb6 Rxd6 32.Bc5 Kd7 33.Bxd6 Rc8 34.Rh1 Nc7 35.Rh7 Ke8 36.Bxc7 Rxc7
37.Bxg6 Bc6 38.Bd3 Rb7 39.g6  1-0

[Event "WYg18"]
[Site "Belfort FRA"]
[Date "2005.07.21"]
[Round "3"]
[White "Savurko,A"]
[Black "Kazakevich,A"]
[Result "0-1"]
[WhiteElo "2138"]
[BlackElo "1960"]

1.d4 d5 2.c4 c6 3.Nf3 e6 4.e3 Nf6 5.Nc3 Be7 6.Qc2 O-O 7.Bd3 Nbd7 8.O-O b6
9.e4 dxe4 10.Nxe4 Bb7 11.Ne5 h6 12.Be3 c5 13.Nxd7 Qxd7 14.Nxf6+ Bxf6 15.dxc5 bxc5
16.Rad1 Qc7 17.f4 Rad8 18.f5 exf5 19.Qf2 Bd4 20.Bxd4 Rxd4 21.Qxf5 g6 22.Qh3 Kg7
23.Be2 Rfd8 24.Rxd4 Rxd4 25.Qc3 Qe5 26.Bf3 Bxf3 27.Qxf3 Qe6 28.b3 Re4 29.h3 Re2
30.Rf2 Rxf2 31.Kxf2 Qe5 32.a4 Qf6 33.Ke3 Qxf3+ 34.Kxf3 Kf6 35.Ke4 Ke6 36.g4 a5
37.Kf4 f5 38.gxf5+ gxf5 39.h4 Kf6 40.h5 Ke6 41.Kf3 Ke5 42.Ke3 f4+ 43.Kf3 Kf5
44.Kf2 Ke4 45.Ke2 f3+ 46.Kf2 Kf4 47.Kf1 Ke3  0-1

[Event "Open A"]
[Site "Chojnice POL"]
[Date "2005.07.21"]
[Round "8"]
[White "Krasiewicz,R"]
[Black "Romanowski,F"]
[Result "1-0"]
[WhiteElo "2009"]
[BlackElo "2007"]

1.d4 d5 2.c4 c6 3.Nc3 Nf6 4.Nf3 e6 5.e3 Nbd7 6.Qc2 b6 7.cxd5 exd5 8.Bd3 Bb7
9.O-O Bd6 10.e4 dxe4 11.Nxe4 Be7 12.Re1 O-O 13.Bg5 h6 14.Bh4 Nxe4 15.Bxe7 Qxe7
16.Bxe4 Qd6 17.Ne5 Nf6 18.Bxc6 Bxc6 19.Nxc6 Kh8 20.Rac1 Rfc8 21.b4 Nd5 22.b5 a6
23.a4 axb5 24.axb5 Ra3 25.Qf5 Rf8 26.Ne5 Nf6 27.Nc4 Qb4 28.Nxa3 Qxa3 29.Rc8 Rxc8
30.Qxc8+ Kh7 31.Rc1 Qd3 32.Qc2  1-0

[Event "Politiken Cup"]
[Site "Copenhagen DEN"]
[Date "2005.07.21"]
[Round "7"]
[White "Holst,C"]
[Black "Thomassen,T"]
[Result "1/2-1/2"]
[WhiteElo "2160"]
[BlackElo "2035"]

1.d4 d5 2.c4 c6 3.Nf3 Nf6 4.Nc3 e6 5.e3 Nbd7 6.Bd3 dxc4 7.Bxc4 b5 8.Bd3 Bb7
9.O-O a6 10.e4 c5 11.e5 cxd4 12.Nxb5 Bxf3 13.Qxf3 Nd5 14.Nxd4 Nxe5 15.Qe2 Nxd3
16.Qxd3 Bd6  1/2-1/2

[Event "Iranian Super League"]
[Site "Iran IRI"]
[Date "2005.07.21"]
[Round "6"]
[White "Golafroozi,S"]
[Black "Ardeshi,M"]
[Result "1/2-1/2"]
[WhiteElo "2273"]
[BlackElo "2265"]

1.d4 Nf6 2.c4 c6 3.Nc3 d5 4.e3 e6 5.Nf3 Nbd7 6.Bd3 dxc4 7.Bxc4 b5 8.Bb3 Bb7
9.O-O a6 10.e4 c5 11.d5 c4 12.dxe6 fxe6 13.Bc2 Bc5 14.e5 Bxf3 15.Qxf3 Nxe5
16.Qe2 Nd3 17.Qxe6+ Qe7 18.Qc6+ Kf7 19.Bxd3 cxd3 20.Bg5 Rhd8 21.Bxf6 gxf6
22.Rae1 Qd6 23.Qf3 Bd4 24.Qf5 Kg7 25.Re6 Qc5 26.Qg4+ Kh8 27.Ne4 Qf8 28.Qf5 Qg7
29.Nd6 Bxb2 30.Qxd3 Be5 31.Rd1 Bxd6 32.Rxd6 Rxd6 33.Qxd6 Qf7 34.g3 a5 35.Qc6 Rf8
36.Qxb5 Qxa2 37.Rd7 a4 38.Qf5 Qg8 39.Ra7 Qg6  1/2-1/2

[Event "BUL-TUR Friendly Match"]
[Site "Svilengrad BUL"]
[Date "2005.07.21"]
[Round "2"]
[White "Esen,B"]
[Black "Karakehajov,K"]
[Result "0-1"]
[WhiteElo "2301"]
[BlackElo "2385"]

1.d4 d5 2.c4 e6 3.Nc3 c6 4.e3 Nf6 5.Nf3 Nbd7 6.Bd3 Be7 7.O-O O-O 8.Qe2 b6
9.e4 dxe4 10.Nxe4 Bb7 11.Rd1 Qc7 12.Bg5 Rfe8 13.Nxf6+ Nxf6 14.c5 bxc5 15.dxc5 Bxc5
16.Bxf6 gxf6 17.Bxh7+ Kg7 18.Qc4 Bd6 19.Bc2 Rh8 20.g3 Rad8 21.Rd2 Kf8 22.Rad1 Ke7
23.Nh4 c5 24.Be4 Bxe4 25.Qxe4 Be5 26.b3 f5 27.Qc4 Rxd2 28.Rxd2 f4 29.Kg2 Rg8
30.Qe4 fxg3 31.hxg3 f5 32.Qe2 Qc6+ 33.Kg1 Kf6 34.Qh5 Bf4 35.Re2 Qd7 36.Kh2 Bg5
37.Nf3 Bc1 38.Kg2 Qd5 39.Qh7 Rg7 40.Qh8 Kf7 41.Qh5+ Kf6 42.Qe8 f4 43.Qf8+ Rf7
44.Qh6+ Ke7 45.Re5 Qxf3+  0-1

[Event "Iranian Super League"]
[Site "Iran IRI"]
[Date "2005.07.22"]
[Round "7"]
[White "Salehzadeh,M"]
[Black "Mallahi,A"]
[Result "0-1"]
[WhiteElo "2166"]
[BlackElo "2419"]

1.Nf3 d5 2.d4 e6 3.c4 c6 4.e3 Nf6 5.Nc3 Nbd7 6.Bd3 dxc4 7.Bxc4 b5 8.Bd3 Bb7
9.O-O b4 10.Ne4 Nxe4 11.Bxe4 Be7 12.Qa4 O-O 13.Bd2 Qb6 14.Rfc1 Rfc8 15.Be1 Nf6
16.Nd2 c5 17.Bxb7 Qxb7 18.dxc5 Bxc5 19.Nb3 Bd6 20.Nd4 Ng4 21.h3 Ne5 22.Qb3 a5
23.a4 h6 24.f4 Nd7 25.Qd1 Bc5 26.Bf2 Nf6 27.Nb3 Bb6 28.Rxc8+ Rxc8 29.Rc1 Rd8
30.Qf3 Ne4 31.Rc2 Qd5 32.Bh4 Qd1+ 33.Kh2 Qxc2 34.Bxd8 Bxd8 35.Nd4 Qd3 36.Nc6 Bh4
37.Ne5 Qb1  0-1

[Event "Open A"]
[Site "Pardubice CZE"]
[Date "2005.07.22"]
[Round "1"]
[White "Tunik,G"]
[Black "Nogly,C"]
[Result "1-0"]
[WhiteElo "2446"]
[BlackElo "2254"]

1.d4 d5 2.c4 c6 3.Nf3 Nf6 4.Nc3 e6 5.e3 Nbd7 6.Bd3 dxc4 7.Bxc4 b5 8.Bd3 a6
9.a4 Bb7 10.Qe2 b4 11.Ne4 c5 12.Nxf6+ Nxf6 13.dxc5 Bxc5 14.e4 h6 15.O-O O-O
16.e5 Ng4 17.h3 Nxf2 18.Rxf2 Qb6 19.a5 Qa7 20.Bf4 g5 21.Bg3 f5 22.exf6 Rxf6
23.Kh2 Bxf2 24.Bxf2 Bxf3 25.gxf3 Qf7 26.Be4 Rd8 27.Kg2 e5 28.Rd1 Rxd1 29.Qxd1 Kg7
30.Qd8  1-0

[Event "Open A"]
[Site "Pardubice CZE"]
[Date "2005.07.22"]
[Round "1"]
[White "Ortmann,D"]
[Black "Kharitonov,Alexandr"]
[Result "0-1"]
[WhiteElo "2313"]
[BlackElo "2519"]

1.Nf3 d5 2.d4 c6 3.c4 Nf6 4.Nc3 e6 5.e3 Nbd7 6.Bd3 dxc4 7.Bxc4 b5 8.Bd3 Bd6
9.O-O O-O 10.a3 a5 11.Qc2 Bb7 12.Bd2 h6 13.Kh1 Rc8 14.Ne4 Nxe4 15.Bxe4 Nf6
16.Rfc1 b4 17.axb4 axb4 18.Be1 Nxe4 19.Qxe4 Qe7 20.Qg4 c5 21.dxc5 Rxc5 22.Rxc5 Bxc5
23.Rc1 Rd8 24.Qc4 Bd6 25.Qg4 Qf6 26.Rd1 Qxb2 27.Bxb4 Qe2 28.Rxd6 Rxd6 29.h4 Rd1+
30.Kh2 Bxf3 31.Qxf3 Qxf3 32.gxf3 Kh7 33.Kg2 Kg6 34.Bf8 Rd8 35.Be7 Rc8 36.e4 f6
37.Kg3 Kh5 38.Ba3 Rb8 39.Bd6 Rb3 40.Bf8 g5 41.hxg5 fxg5 42.Bc5 g4 43.Be3 Rxe3
44.fxe3 gxf3 45.Kxf3 Kg5 46.Kg3 h5 47.Kh3 h4 48.e5 Kh5 49.Kh2 Kg4 50.Kg2 Kf5
51.Kh3 Kg5 52.Kh2 Kg4 53.Kg2 h3+ 54.Kh2 Kh4 55.Kg1 Kg3 56.Kh1 Kf3 57.Kh2 Kxe3
58.Kxh3 Kf4 59.Kg2 Kxe5 60.Kf3 Kd4  0-1

[Event "Open A"]
[Site "Pardubice CZE"]
[Date "2005.07.22"]
[Round "1"]
[White "Comas Fabrego,L"]
[Black "Rogule,L"]
[Result "1-0"]
[WhiteElo "2513"]
[BlackElo "2310"]

1.d4 d5 2.c4 c6 3.Nf3 Nf6 4.Nc3 e6 5.e3 Nbd7 6.Bd3 dxc4 7.Bxc4 b5 8.Be2 a6
9.O-O Bb7 10.e4 c5 11.e5 cxd4 12.Qxd4 Bc5 13.Qf4 Nd5 14.Qg3 Nxc3 15.bxc3 g6
16.Bh6 Bf8 17.Qf4 Bxh6 18.Qxh6 Qc7 19.Qg7 Ke7 20.Ng5 Raf8 21.Nxe6 Kxe6 22.Bg4+ Ke7
23.Rad1 Nc5 24.Rd6 Ke8 25.Rfd1 Qe7 26.Qf6 Qxf6 27.exf6 Ne6 28.Rd8+  1-0

[Event "ACT Open"]
[Site "Amsterdam NED"]
[Date "2005.07.23"]
[Round "8"]
[White "Sokolov,I"]
[Black "Akopian,Vl"]
[Result "1/2-1/2"]
[WhiteElo "2691"]
[BlackElo "2705"]

1.d4 d5 2.c4 c6 3.Nc3 Nf6 4.e3 e6 5.Nf3 Nbd7 6.Bd3 dxc4 7.Bxc4 b5 8.Bd3 b4
9.Ne4 Nxe4 10.Bxe4 Bb7 11.O-O Bd6 12.Nd2 Qc7 13.h3 c5 14.Qf3 Rb8 15.b3 Ba6
16.Re1 O-O 17.Bb2 f5 18.Bc6 Rbc8 19.Bxd7 Qxd7 20.Rac1 Bb7 21.Qe2 cxd4 22.Bxd4 Bd5  1/2-1/2

[Event "ACT Open"]
[Site "Amsterdam NED"]
[Date "2005.07.23"]
[Round "8"]
[White "Gavin Roche,E"]
[Black "Drost,P"]
[Result "1/2-1/2"]
[WhiteElo "2230"]
[BlackElo "2203"]

1.d4 d5 2.c4 c6 3.Nc3 Nf6 4.e3 e6 5.Nf3 Nbd7 6.Qc2 b6 7.Bd3 Bb7 8.O-O dxc4
9.Bxc4 c5 10.Rd1 Bxf3 11.gxf3 cxd4 12.Rxd4 Bc5 13.Rd1 O-O 14.a3 Qc7 15.Qe2 Ne5
16.Ba6 Rfd8 17.Bd2 Qc6 18.Kg2 Ng6 19.Bb5 Nh4+ 20.Kg3 Qc7+ 21.Kh3 Be7 22.f4 Qb7
23.e4 Ng6 24.Kg3 a6 25.Ba4 Rac8 26.Bc2 b5 27.e5 Rxd2 28.Rxd2 Nh5+ 29.Qxh5 Bh4+
30.Qxh4 Nxh4 31.Kxh4 Qg2 32.Rad1 Qxh2+ 33.Kg4 Qg2+ 34.Kh4 g5+ 35.fxg5 Rc4+
36.Ne4 Rxe4+ 37.Bxe4 Qxe4+ 38.Kg3 Qxe5+  1/2-1/2

[Event "ACT Open"]
[Site "Amsterdam NED"]
[Date "2005.07.23"]
[Round "8"]
[White "Witt,Rob"]
[Black "Vazquez,R"]
[Result "0-1"]
[WhiteElo "2292"]
[BlackElo "2496"]

1.d4 d5 2.Nf3 Nf6 3.c4 c6 4.e3 e6 5.Nc3 Nbd7 6.Qc2 Bd6 7.Bd3 dxc4 8.Bxc4 O-O
9.O-O Qe7 10.h3 e5 11.e4 Bc7 12.Re1 exd4 13.Nxd4 Qd6 14.Nf3 Ne5 15.Be2 Nxf3+
16.Bxf3 Qh2+ 17.Kf1 b6 18.Ne2 Qh1+ 19.Ng1 Ba6+ 20.Be2 Bh2 21.Bxa6 Qxg1+ 22.Ke2 Qxg2
23.Be3 Nxe4 24.Bd3 Rfe8 25.Kd1 Bf4  0-1

[Event "Open A"]
[Site "Pardubice CZE"]
[Date "2005.07.23"]
[Round "2"]
[White "Zakhartsov,V"]
[Black "Gajewski,G"]
[Result "1/2-1/2"]
[WhiteElo "2534"]
[BlackElo "2396"]

1.d4 d5 2.c4 c6 3.Nc3 Nf6 4.e3 e6 5.Nf3 Nbd7 6.Bd3 Bd6 7.e4 dxe4 8.Nxe4 Nxe4
9.Bxe4 e5 10.O-O exd4 11.Bg5 f6 12.Bh4 c5 13.Re1 Kf8 14.b4 g5 15.Bg3 Bxg3
16.hxg3 Kg7 17.bxc5 Nxc5 18.Bd5 d3 19.Nd4 Re8 20.Nb3 Rxe1+ 21.Qxe1 Nxb3 22.axb3 Bf5
23.Bxb7 Rb8 24.Bd5 Rxb3 25.Rxa7+ Kh6 26.Ra2 Qd6 27.Kh2 Qe5 28.Qxe5 fxe5 29.g4 Bxg4
30.Be4 Bh5 31.Ra6+ Bg6 32.Re6 d2 33.Bxg6 hxg6 34.Rd6 Rb2 35.c5 g4 36.c6 Rc2
37.c7 Rxc7 38.Rxd2 Kg5 39.g3 Kf5 40.Kg2 Rc1 41.Re2 e4 42.Ra2 Re1 43.Ra5+ Ke6
44.Ra6+  1/2-1/2

[Event "Open A"]
[Site "Pardubice CZE"]
[Date "2005.07.24"]
[Round "3"]
[White "Lorscheid,G"]
[Black "Korinek,O"]
[Result "1/2-1/2"]
[WhiteElo "2285"]
[BlackElo "2195"]

1.d4 d5 2.c4 c6 3.Nc3 Nf6 4.e3 e6 5.Nf3 a6 6.Qc2 c5 7.cxd5 exd5 8.Be2 Nc6
9.O-O cxd4 10.Nxd4 Nxd4 11.exd4 Be7 12.Bf3 Be6 13.Qb3 Qd7 14.Na4 Rd8 15.Nb6 Qd6
16.g3 Qb4 17.Qxb4 Bxb4 18.Bg5 Rd6 19.Bxf6 gxf6 20.Na4 Rc6 21.a3 Be7 22.b4 O-O
23.Rfe1 Rfc8 24.Rad1 Kf8 25.Nc5 Bxc5 26.dxc5 Rd8 27.Rd4 a5 28.Be2 axb4 29.axb4 b6
30.cxb6 Rxb6 31.Bd3 Rdb8 32.Rb1 h6 33.f4 f5 34.Kf2 Ke7 35.b5 Kd6 36.Ra4 Bd7
37.Ra6 Kc5 38.Rc1+ Kd4 39.Be2 Bxb5 40.Rd1+ Kc5 41.Bxb5  1/2-1/2